Harry Potter and the Half Blood Prince Quiz - Statistics

General Stats
  • This quiz has been taken 63 times
  • The average score is 6 of 9
Answer Stats
Question Answer % Correct
Which is the only Heirloom Voldemort never turned into a Horcrux? Gryffindor's Sword
100%
Who is Voldemort's mother? Merope Riddle
100%
Who's Potions book does Harry come across? Severus Snape
100%
How do you split your Soul? Murder
86%
Who becomes the true owner of the Elder Wand after Dumbledore? Draco Malfoy
71%
Why did Tom open the Chamber of Secrets? Both A and B
57%
Who is Hepzibah Smith's House Elf? Hokey
57%
Who had the Defence Against the Dark Arts Career during Tom's years at Hogwarts? Galatea Merrythought
43%
Who's the most powerful wizard of all time? Merlin
29%
No matching quizzes found
Score Distribution
Percent of People with Each Score
Percentile by Number Answered
Your Score History
You have not taken this quiz